Análisis sociológico de la novela "Mi madrina"

Wedi'i Gadw mewn:
Manylion Llyfryddiaeth
Prif Awdur: Brenes Acuña, Luis Eduardo
Fformat: Llyfr
Iaith:Undetermined
Cyhoeddwyd: San José, Costa Rica Escuela de Filología, Lingüística y Literatura,Universidad de Costa Rica 1987
Pynciau:
Tagiau: Ychwanegu Tag
Dim Tagiau, Byddwch y cyntaf i dagio'r cofnod hwn!

MARC

LEADER 00000nam a2200000Ia 4500
008 170316s9999 xx 000 0 und d
040 |a cru BVZT 
090 |a Tesis 356 
100 |a Brenes Acuña, Luis Eduardo 
245 |a Análisis sociológico de la novela "Mi madrina" 
260 |a San José, Costa Rica 
260 |b Escuela de Filología, Lingüística y Literatura,Universidad de Costa Rica 
260 |c 1987 
300 |a 123 páginas 
650 |a LICENCIATURA EN FILOLOGÍA ESPAÑOLA 
650 |a TRABAJO FINAL DE GRADUACIÓN 
999 |c 13985  |d 13985 
942 |c TFG  |h Tesis 356  |2 z